| 000 | 00664nam a22001937a 4500 | ||
|---|---|---|---|
| 999 |
_c7144 _d7144 |
||
| 003 | AR-CdUCM | ||
| 008 | 190320b ||||| |||| 00| 0 spa d | ||
| 040 |
_aMUNICIPALIDAD PROVINCIAL DEL CUSCO _cBIBLIOTECA MUNICIPAL DEL CUSCO |
||
| 082 |
_a868.6 / _bSC28L |
||
| 100 |
_aScarpa, Roque Esteban _97479 |
||
| 245 | _aLecturas modernas españolas / | ||
| 260 |
_aSantiago de Chile : _bZig-Zag, _c1942. |
||
| 300 |
_a778 páginas ; _c18.5 cm. |
||
| 505 | _aContenido: La poesía -- Flor de leer -- La prosa poetica -- La novela -- El humorismo -- El teatro ... | ||
| 650 |
_aLiteratura española _9362 |
||
| 650 |
_aSiglo XX _98 |
||
| 942 |
_2ddc _cLIBROS |
||
| 945 | _aafb | ||